000
00244nam a2200097Ia 4500
001
689963
005
20250826161807.0
008
250824s9999 xx 000 0 und d
245
0
_a
DÜNYA NÖBETİ/A.ALATLI/EVEREST
_c
ALEV ALATLI
260
_b
EVEREST
999
_c
689963
_d
689963